Lesions of the nervous system associated with internal diseases / (Record no. 10645)
[ view plain ]
| 000 -LEADER | |
|---|---|
| fixed length control field | 00420cam a2200157ua 4500 |
| 041 ## - LANGUAGE CODE | |
| Language code of text/sound track or separate title | eng |
| 082 ## - DEWEY DECIMAL CLASSIFICATION NUMBER | |
| Classification number | 612.8 |
| Item number | LUR/LE |
| 100 ## - MAIN ENTRY--AUTHOR NAME | |
| Personal name | Lurye, Z . |
| 245 ## - TITLE STATEMENT | |
| Title | Lesions of the nervous system associated with internal diseases / |
| 250 ## - EDITION STATEMENT | |
| Edition statement | 1 / |
| 260 ## - PUBLICATION, DISTRIBUTION, ETC. (IMPRINT) | |
| Place of publication | Moscow : |
| Name of publisher | Foreign Language Publishing House. |
| 300 ## - PHYSICAL DESCRIPTION | |
| Number of Pages | 255 ; . |
| 942 ## - ADDED ENTRY ELEMENTS (KOHA) | |
| Koha item type | Books |
| Withdrawn status | Lost status | Damaged status | Home library | Current library | Date acquired | Full call number | Accession Number | Koha item type |
|---|---|---|---|---|---|---|---|---|
| KAUAET | KAUAET | 07/04/2012 | 612.8 | 3673 | Books |
